Orotina: Producción agropecuaria, rama de actividad, empleo, ingresos, migración estacional, inmigración /

محفوظ في:
التفاصيل البيبلوغرافية
مؤلفون مشاركون: Instituto de Fomento y Asesoría Municipal [Costa Rica], Acción Internacional Técnica, División de Acción Internacional
التنسيق: نص
منشور في: San José: IFAM. AITEC
الوسوم: إضافة وسم
لا توجد وسوم, كن أول من يضع وسما على هذه التسجيلة!

MARC

LEADER 00000 a a2200000 04500
001 17021
003
040
090 |a 008300  
110 |a Instituto de Fomento y Asesoría Municipal [Costa Rica]  
245 |a Orotina: Producción agropecuaria, rama de actividad, empleo, ingresos, migración estacional, inmigración /  |c Instituto de Fomento y Asesoría Municipal [Costa Rica]  
260 |a San José:   |b IFAM. AITEC  
300 |a 12 p.  
710 |a Acción Internacional Técnica, División de Acción Internacional  
999 |c 16833  |d 16833